| 000 | 00851nam a22002175i 4500 | ||
|---|---|---|---|
| 001 | 167957 | ||
| 003 | ES-MaACL | ||
| 005 | 20230906213637.0 | ||
| 008 | 960320s1875 fr |||| | fre d | ||
| 040 |
_aCLM _bspa _cCCPB | SIC |
||
| 080 | _a81 | ||
| 100 | 1 |
_aWitney, William Dwight ( _d1827-1894) _9133950 |
|
| 245 | 1 | 3 |
_aLa vie du langage / _cpar W.D. Witney. |
| 260 |
_aParis : _bLibrairie Germer Baillière, _c1875. |
||
| 300 |
_aVII, 264 p. ; _c22 cm. |
||
| 490 | 1 |
_aBibliothèque scientifique internationale ; _v14 |
|
| 650 | 4 |
_aLenguaje. _914341 |
|
| 830 | 0 |
_aBibliothèque scientifique internationale ; _v14 _9186949 |
|
| 852 |
_aES-MaACL _jF-14344 _z-- Enc. editorial en tela _x-- Edic.: El imp. es: Coulommiers : Typ. A. Moussin -- En antep. consta la serie: (Bibliothèque Scientifique Internationale; 14) |
||
| 999 |
_c167957 _d167957 |
||